Revoluciones en Argentina - Estadísticas

Estadísticas generales
  • Esta prueba ha sido intentada 6 veces
    3 desde el último reinicio
  • La puntuación promedio es 2 de 16
Estadísticas de respuestas
Hint Respuesta % Correcto
1810 Revolución de Mayo Cornelio SaavedraManuel Belgrano Mariano Moreno Juan José Castelli Otros...
100%
1955 Revolución Libertadora Eduardo LonardiPedro Eugenio Aramburu
67%
1966 Revolución Argentina Juan Carlos Onganía
33%
1890 Revolución del Parque Leandro N. Alem
33%
1956 Levantamiento de Valle Juan José Valle
0%
1811 Revolución de 1811 Cornelio Saavedra
0%
1880 Revolución de 1880 Carlos Tejedor
0%
1893 Revolución de 1893 Leandro N. AlemHipólito Yrigoyen
0%
1905 Revolución de 1905 Hipólito Yrigoyen
0%
1930 Revolución de 1930 José Félix Uriburu
0%
1932 Revolución de 1932 Atilio CattáneoRegino Lascano
0%
1943 Revolución del 43 GOU
0%
1932 Revolución de los hermanos Kennedy Eduardo KennedyMario Kennedy
Roberto Kennedy
0%
1931 Revolución de Pomar Gregorio Pomar
0%
1874 Revolución Mitrista Bartolomé Mitre
0%
1933 Segunda revolución de Pomar Gregorio Pomar
0%
No se encontraron pruebas coincidentes
Distribución de puntuación
Porcentaje de gente con cada puntuación
Porcentaje por número respondido
Historial de tus puntuaciones
No has intentado esta prueba desde el último reinicio